| 000 | 00394nam a2200145Ia 4500 | ||
|---|---|---|---|
| 008 | 150201s2008 xx 000 0 und d | ||
| 082 |
_a611 _bS08L |
||
| 100 | _aLUMLEY, JOHN S. | ||
| 245 | _aSURFACE ANATOMY : THE ANATOMICAL BASIS OF CLINICAL EXAMINTION | ||
| 250 | _a4TH | ||
| 260 |
_bCHURCHILL, LIVINGSTONE _aEDINBURGH _c2008 |
||
| 300 | _a1-134 | ||
| 650 | _aHUMAN ANATOMY | ||
| 942 |
_2ddc _cBK |
||
| 999 |
_c1814 _d1814 |
||